Personnages de fiction appelés "Le ou La ... quelque chose" - Statistiques

Statistiques générales
  • Ce quiz a été pris 515 fois
  • Le résultat moyen est 12 sur 20
Statistiques - réponses
Indice Personnage % Correct
Sac-à-dos ! {Dora} l'Exploratrice
99%
Jean-Christophe {Winnie} l'Ourson
96%
Oui, on peut ! {Bob} le Bricoleur
86%
Il va pas partout {Joe} le Taxi
80%
Vous ne passerez pas ! {Gandalf} le Gris
71%
O-Kay ! {Jacquouille} la Fripouille
71%
Accident de la route {Paf} le chien
71%
Schwarzy {Conan} le Barbare
70%
Amoureuse du précédent {Piggy} la cochonne
69%
Tatooine {Jabba} le Hutt
63%
Marionnette {Kermit} la Grenouille
63%
Lanoux {Louis} la Brocante
61%
Pinball ? {Flipper} le Dauphin
60%
Miyazaki {Kiki} la Petite Sorcière
60%
Dalida {Gigi} l'amoroso
58%
Petit blond {Denis} la Malice
37%
Service Après Vente... {François} le français
37%
Bébel {Pierrot} le Fou
34%
Looney Tunes {Sam} le Pirate
33%
Casque romain {Marvin} le Martien
11%
Aucun quiz correspondant
Distribution des résultats
% des personnes avec chaque résultat
Percentile par nombre de réponses
Votre historique - résultats
Vous n’avez pas pris ce quiz